[Event "DVM U12 2022"]
[Site "München GER"]
[Date "2022.12.29"]
[Round "6"]
[White "Haug, Niklas Alexander"]
[Black "Krishnan, Vihaan"]
[Result "0-1"]
[Termination "normal"]
[Board "9.2"]
[WhiteElo "1041"]
[BlackElo "1519"]
[WhiteClock "01:23:07"]
[BlackClock "00:13:53"]
[WhiteTeam "SV Werder Bremen"]
[BlackTeam "SC Kirchheim/Teck"]
[PlyCount "76"]
[WhiteFideId "34640444"]
[BlackFideId "34633910"]
[EventCountry "GER"]
[EventRounds "7"]
[EventType "team-swiss"]
[EventDate "2022.12.26"]

1. e4 {[%emt 00:00:07]} e5 {[%clk 01:30:55]} 2. Nf3 {[%clk 01:31:19]} {[%emt
00:00:08]} Nc6 {[%clk 01:31:20]} {[%emt 00:00:04]} 3. Bc4 {[%clk 01:31:33]}
{[%emt 00:00:16]} Bc5 {[%clk 01:31:45]} {[%emt 00:00:06]} 4. Nc3 {[%clk
01:31:51]} {[%emt 00:00:11]} Nf6 {[%clk 01:31:44]} {[%emt 00:00:32]} 5. d3
{[%clk 01:32:00]} {[%emt 00:00:21]} d6 {[%clk 01:31:57]} {[%emt 00:00:17]} 6.
O-O {[%clk 01:32:00]} {[%emt 00:00:30]} Bg4 {[%clk 01:32:19]} {[%emt 00:00:09]}
7. Bg5 {[%clk 01:31:44]} {[%emt 00:00:46]} Nd4 {[%clk 01:30:47]} {[%emt
00:02:01]} 8. Nd5 {[%clk 01:31:14]} {[%emt 00:01:00]} Nxf3 {[%clk 01:31:09]}
{[%emt 00:00:08]} 9. gxf3 {[%clk 01:31:08]} {[%emt 00:00:36]} Bh3 {[%clk
01:31:34]} {[%emt 00:00:06]} 10. Re1 {[%clk 01:30:48]} {[%emt 00:00:48]} h6
{[%clk 01:28:52]} {[%emt 00:03:14]} 11. Bh4 {[%clk 01:30:22]} {[%emt 00:00:55]}
g5 {[%clk 01:28:44]} {[%emt 00:00:38]} 12. Bg3 {[%clk 01:30:36]} {[%emt
00:00:14]} h5 {[%clk 01:28:20]} {[%emt 00:00:56]} 13. d4 {[%clk 01:28:15]}
{[%emt 00:02:50]} Bxd4 {[%clk 01:22:16]} {[%emt 00:06:34]} 14. f4 {[%clk
01:27:56]} {[%emt 00:00:49]} gxf4 {[%clk 01:22:16]} {[%emt 00:00:30]} 15. Bh4
{[%clk 01:27:43]} {[%emt 00:00:43]} Rg8 {[%clk 01:22:31]} {[%emt 00:00:14]} 16.
Kh1 {[%clk 01:27:42]} {[%emt 00:00:27]} Bg2 {[%clk 00:49:43]} {[%emt 00:33:23]}
17. Kg1 {[%clk 01:28:01]} {[%emt 00:00:10]} Nxe4 {[%clk 00:13:47]} {[%emt
00:36:27]} 18. Rxe4 {[%clk 01:25:34]} {[%emt 00:02:55]} Bxe4 {[%clk 00:13:19]}
{[%emt 00:01:00]} 19. Kf1 {[%clk 01:25:41]} {[%emt 00:00:21]} Qxh4 {[%clk
00:13:12]} {[%emt 00:00:39]} 20. Qe2 {[%clk 01:25:00]} {[%emt 00:01:11]} Bxd5
{[%clk 00:12:08]} {[%emt 00:01:34]} 21. Bxd5 {[%clk 01:25:04]} {[%emt
00:00:25]} Qh3 {[%clk 00:09:55]} {[%emt 00:02:44]} 22. Ke1 {[%clk 01:25:00]}
{[%emt 00:00:32]} Bc3 {[%clk 00:09:16]} {[%emt 00:01:11]} 23. bxc3 {[%clk
01:23:51]} {[%emt 00:01:38]} Qxc3 {[%clk 00:09:26]} {[%emt 00:00:20]} 24. Qd2
{[%clk 01:22:41]} {[%emt 00:01:40]} Rg1 {[%clk 00:09:48]} {[%emt 00:00:09]} 25.
Ke2 {[%clk 01:22:39]} {[%emt 00:00:32]} Qxd2 {[%clk 00:10:13]} {[%emt
00:00:05]} 26. Kxd2 {[%clk 01:22:54]} {[%emt 00:00:16]} Rxa1 {[%clk 00:10:39]}
{[%emt 00:00:05]} 27. Kc3 {[%clk 01:22:35]} {[%emt 00:00:48]} c6 {[%clk
00:11:02]} {[%emt 00:00:07]} 28. Bc4 {[%clk 01:22:40]} {[%emt 00:00:25]} b5
{[%clk 00:11:27]} {[%emt 00:00:06]} 29. Bd3 {[%clk 01:22:35]} {[%emt 00:00:35]}
Rxa2 {[%clk 00:11:46]} {[%emt 00:00:11]} 30. Kb3 {[%clk 01:22:38]} {[%emt
00:00:27]} Ra1 {[%clk 00:12:11]} {[%emt 00:00:06]} 31. Be2 {[%clk 01:22:42]}
{[%emt 00:00:26]} Rh1 {[%clk 00:12:26]} {[%emt 00:00:15]} 32. Bf3 {[%clk
01:22:54]} {[%emt 00:00:18]} Rxh2 {[%clk 00:11:33]} {[%emt 00:01:23]} 33. Bxc6
{[%clk 01:23:02]} {[%emt 00:00:21]} Ke7 {[%clk 00:12:00]} {[%emt 00:00:04]} 34.
Bxa8 {[%clk 01:23:13]} {[%emt 00:00:18]} Rxf2 {[%clk 00:12:26]} {[%emt
00:00:05]} 35. Kc3 {[%clk 01:23:17]} {[%emt 00:00:25]} h4 {[%clk 00:12:46]}
{[%emt 00:00:11]} 36. Kd3 {[%clk 01:23:04]} {[%emt 00:00:43]} h3 {[%clk
00:13:11]} {[%emt 00:00:06]} 37. Kc3 {[%clk 01:22:47]} {[%emt 00:00:46]} h2
{[%clk 00:13:30]} {[%emt 00:00:11]} 38. Kb4 {[%clk 01:23:07]} {[%emt 00:00:09]}
f3 {[%clk 00:13:53]} {[%emt 00:00:07]} 0-1

[Event "DVM U12 2022"]
[Site "München GER"]
[Date "2022.12.29"]
[Round "6"]
[White "Miede, Arthur"]
[Black "Jablonski, Ture"]
[Result "1-0"]
[Termination "normal"]
[Board "9.3"]
[WhiteElo "1208"]
[BlackElo "1038"]
[WhiteClock "01:19:00"]
[BlackClock "01:16:52"]
[WhiteTeam "SC Kirchheim/Teck"]
[BlackTeam "SV Werder Bremen"]
[PlyCount "31"]
[WhiteFideId "34640495"]
[BlackFideId "34640452"]
[EventCountry "GER"]
[EventRounds "7"]
[EventType "team-swiss"]
[EventDate "2022.12.26"]

1. e4 {[%clk 01:30:56]} {[%emt 00:00:03]} c5 {[%clk 01:30:58]} {[%emt
00:00:03]} 2. d4 {[%clk 01:30:50]} {[%emt 00:00:36]} cxd4 {[%clk 01:31:22]}
{[%emt 00:00:06]} 3. c3 {[%clk 01:31:07]} {[%emt 00:00:13]} dxc3 {[%clk
01:31:27]} {[%emt 00:00:25]} 4. Nxc3 {[%clk 01:31:25]} {[%emt 00:00:13]} Nc6
{[%clk 01:31:51]} {[%emt 00:00:05]} 5. Bc4 {[%clk 01:31:18]} {[%emt 00:00:37]}
g6 {[%clk 01:32:07]} {[%emt 00:00:14]} 6. Nf3 {[%clk 01:31:12]} {[%emt
00:00:36]} e6 {[%clk 01:31:11]} {[%emt 00:01:25]} 7. Bf4 {[%clk 01:31:17]}
{[%emt 00:00:24]} Nf6 {[%clk 01:30:48]} {[%emt 00:00:53]} 8. Nb5 {[%clk
01:30:32]} {[%emt 00:01:16]} Bb4 {[%clk 01:28:23]} {[%emt 00:02:54]} 9. Kf1
{[%clk 01:25:31]} {[%emt 00:05:31]} Ba5 {[%clk 01:23:54]} {[%emt 00:04:58]} 10.
Nd6 {[%clk 01:22:03]} {[%emt 00:04:00]} Kf8 {[%clk 01:20:23]} {[%emt 00:04:00]}
11. Bg5 {[%clk 01:19:58]} {[%emt 00:02:36]} Kg7 {[%clk 01:19:23]} {[%emt
00:01:29]} 12. e5 {[%clk 01:19:44]} {[%emt 00:00:44]} Qb6 {[%clk 01:18:13]}
{[%emt 00:01:39]} 13. Bxf6 {[%clk 01:19:17]} {[%emt 00:00:58]} Kg8 {[%clk
01:17:43]} {[%emt 00:00:26]} 14. Qc1 {[%clk 01:18:50]} {[%emt 00:01:32]} Kf8
{[%clk 01:16:30]} {[%emt 00:01:41]} 15. Qh6 {[%clk 01:19:05]} {[%emt 00:00:15]}
Kg8 {[%clk 01:16:52]} {[%emt 00:00:09]} 16. Qg7# {[%clk 01:19:00]} {[%emt
00:00:05]} 1-0

[Event "DVM U12 2022"]
[Site "München GER"]
[Date "2022.12.29"]
[Round "6"]
[White "Plath, Erik"]
[Black "Miede, Armin"]
[Result "0-1"]
[Termination "normal"]
[Board "9.4"]
[WhiteElo "927"]
[BlackElo "1079"]
[WhiteClock "01:29:51"]
[BlackClock "01:26:46"]
[WhiteTeam "SV Werder Bremen"]
[BlackTeam "SC Kirchheim/Teck"]
[PlyCount "48"]
[WhiteFideId "34608206"]
[BlackFideId "34640487"]
[EventCountry "GER"]
[EventRounds "7"]
[EventType "team-swiss"]
[EventDate "2022.12.26"]

1. e4 {[%clk 01:30:58]} {[%emt 00:00:01]} e5 {[%clk 01:30:49]} {[%emt
00:00:11]} 2. Nf3 {[%clk 01:31:21]} {[%emt 00:00:07]} Nc6 {[%clk 01:31:07]}
{[%emt 00:00:11]} 3. c3 {[%clk 01:31:47]} {[%emt 00:00:05]} Bc5 {[%clk
01:30:48]} {[%emt 00:00:48]} 4. d4 {[%clk 01:32:05]} {[%emt 00:00:13]} exd4
{[%clk 01:31:10]} {[%emt 00:00:08]} 5. cxd4 {[%clk 01:32:30]} {[%emt 00:00:06]}
Bb4 {[%clk 01:31:21]} {[%emt 00:00:19]} 6. Nc3 {[%clk 01:32:34]} {[%emt
00:00:26]} Nf6 {[%clk 01:30:43]} {[%emt 00:01:07]} 7. Bd3 {[%clk 01:32:07]}
{[%emt 00:00:57]} d5 {[%clk 01:30:29]} {[%emt 00:00:44]} 8. e5 {[%clk
01:32:20]} {[%emt 00:00:18]} Ne4 {[%clk 01:30:41]} {[%emt 00:00:18]} 9. Bd2
{[%clk 01:32:22]} {[%emt 00:00:27]} Bg4 {[%clk 01:30:41]} {[%emt 00:00:30]} 10.
Nxe4 {[%clk 01:32:33]} {[%emt 00:00:19]} dxe4 {[%clk 01:30:44]} {[%emt
00:00:27]} 11. Bxe4 {[%clk 01:31:56]} {[%emt 00:01:07]} Bxd2 {[%clk 01:30:44]}
{[%emt 00:00:30]} 12. Qxd2 {[%clk 01:31:54]} {[%emt 00:00:31]} Bxf3 {[%clk
01:30:57]} {[%emt 00:00:18]} 13. Bxc6 {[%clk 01:32:04]} {[%emt 00:00:19]} Bxc6
{[%clk 01:31:03]} {[%emt 00:00:24]} 14. O-O-O {[%emt 00:01:40]} Qd5 {[%clk
01:30:36]} 15. b3 {[%clk 01:31:24]} {[%emt 00:00:57]} O-O-O {[%clk 01:30:51]}
{[%emt 00:00:16]} 16. g3 {[%clk 01:31:37]} {[%emt 00:00:18]} Rd7 {[%clk
01:30:43]} {[%emt 00:00:37]} 17. Qg5 {[%clk 01:31:03]} {[%emt 00:01:04]} f6
{[%clk 01:29:54]} {[%emt 00:01:19]} 18. Qf5 {[%clk 01:30:58]} {[%emt 00:00:34]}
fxe5 {[%clk 01:27:41]} {[%emt 00:02:43]} 19. dxe5 {[%emt 00:00:50]} Qc5 {[%emt
00:00:20]} 20. Kb2 {[%clk 01:29:52]} {[%emt 00:00:27]} Rhd8 {[%clk 01:27:47]}
{[%emt 00:00:24]} 21. Qh5 {[%clk 01:29:25]} {[%emt 00:00:57]} Rd2 {[%clk
01:25:43]} {[%emt 00:02:34]} 22. Rxd2 {[%clk 01:29:27]} {[%emt 00:00:28]} Rxd2
{[%clk 01:26:04]} {[%emt 00:00:09]} 23. Kb1 {[%clk 01:29:31]} {[%emt 00:00:25]}
Qc2 {[%clk 01:26:22]} {[%emt 00:00:13]} 24. Ka1 {[%clk 01:29:51]} {[%emt
00:00:10]} Qxa2# {[%clk 01:26:46]} {[%emt 00:00:05]} 0-1

[Event "DVM U12 2022"]
[Site "München GER"]
[Date "2022.12.29"]
[Round "6"]
[White "Madel, Luca"]
[Black "Zielke, Constantin"]
[Result "0-1"]
[Termination "normal"]
[Board "10.1"]
[WhiteElo "1104"]
[BlackElo "1342"]
[WhiteTeam "Barnimer Schachfreunde im SV Stahl Finow"]
[BlackTeam "SG Turm Leipzig"]
[PlyCount "106"]
[WhiteFideId "16296516"]
[BlackFideId "34640576"]
[EventCountry "GER"]
[EventRounds "7"]
[EventType "team-swiss"]
[EventDate "2022.12.26"]

1. d4 e6 2. Bf4 Nf6 3. Nf3 Nc6 4. e3 b6 5. c3 Bb7 6. Bd3 Be7 7. Nbd2 d5 8. O-O
O-O 9. Ne5 Re8 10. Bg3 Bf8 11. f4 g6 12. Bh4 Bg7 13. g4 Qd6 14. Bxf6 Bxf6 15.
g5 Bg7 16. h4 Nxe5 17. fxe5 Qe7 18. Qg4 h5 19. gxh6 Bxh6 20. Rf3 Kh7 21. Raf1
Rf8 22. h5 Kh8 23. hxg6 fxg6 24. Qxg6 Rg8 25. Kf2 Rxg6 26. Bxg6 Rf8 27. Rxf8
Qxf8 28. Ke2 Qg7 29. Rf6 Ba6 30. Kd1 Bxe3 31. Rxe6 Qh6 32. Re8 Kg7 33. Re7 Kf8
34. Re8 Kg7 35. Re7 Kxg6 36. Re6 Kf5 37. Rxh6 Bxh6 38. Nf3 Ke6 39. Nh4 c5 40.
Kc2 cxd4 41. cxd4 Bc8 42. b4 Bg5 43. Nf3 Be7 44. b5 Kf5 45. Kc3 Kf4 46. Nd2 Bf8
47. a4 Be7 48. Nb3 a6 49. bxa6 Bxa6 50. Na1 Bc8 51. Nc2 Bd7 52. Kb3 Ke4 53. Nb4
Bxb4 0-1

[Event "DVM U12 2022"]
[Site "München GER"]
[Date "2022.12.29"]
[Round "6"]
[White "Splitt, Albert"]
[Black "Sosnicki, Adrian"]
[Result "1-0"]
[Termination "normal"]
[Board "10.3"]
[WhiteElo "1067"]
[BlackElo "1132"]
[WhiteTeam "Barnimer Schachfreunde im SV Stahl Finow"]
[BlackTeam "SG Turm Leipzig"]
[PlyCount "51"]
[WhiteFideId "34602879"]
[BlackFideId "34640541"]
[EventCountry "GER"]
[EventRounds "7"]
[EventType "team-swiss"]
[EventDate "2022.12.26"]

1. d4 d5 2. Nc3 Nf6 3. Bg5 Bf5 4. f3 e6 5. e4 Bg6 6. e5 h6 7. Bh4 Bxc2 8. Qxc2
g5 9. Bg3 Nh5 10. Bf2 f6 11. Qg6 Kd7 12. Qxh5 Nc6 13. Bg3 Nxd4 14. Qg4 Nc2 15.
Kd1 Nxa1 16. Bd3 Bg7 17. Qd4 fxe5 18. Bxe5 Bxe5 19. Qxe5 Qe7 20. Nge2 c6 21.
Kd2 b5 22. Nd4 b4 23. Nce2 c5 24. Bb5 Kc8 25. Ba6 Kd8 26. Nc6 1-0

[Event "DVM U12 2022"]
[Site "München GER"]
[Date "2022.12.29"]
[Round "6"]
[White "Obermair, Hannes"]
[Black "Wünsche, Jonathan"]
[Result "1-0"]
[Termination "normal"]
[Board "10.4"]
[WhiteElo "1212"]
[BlackElo "1068"]
[WhiteTeam "SG Turm Leipzig"]
[BlackTeam "Barnimer Schachfreunde im SV Stahl Finow"]
[PlyCount "45"]
[WhiteFideId "34640509"]
[BlackFideId "34602836"]
[EventCountry "GER"]
[EventRounds "7"]
[EventType "team-swiss"]
[EventDate "2022.12.26"]

1. c4 e5 2. Nc3 Nc6 3. g3 g6 4. Bg2 Bg7 5. e3 Nge7 6. Nge2 O-O 7. O-O d6 8. h3
Bd7 9. d4 exd4 10. exd4 Qc8 11. Kh2 h6 12. Be3 Kh7 13. d5 Nd8 14. Bd4 Bxd4 15.
Qxd4 c5 16. dxc6 Bxc6 17. Qxd6 Re8 18. Bxc6 Ndxc6 19. Rad1 Rf8 20. Nd4 Nxd4 21.
Qxe7 Kg8 22. Rxd4 Qc6 23. Rd7 1-0